100 Biggest Cities of Kuwait on a Map - Statistics

General Stats
  • This quiz has been taken 53 times
  • The average score is 12 of 100
Answers on the Map
Answers color-coded by a green-red scale on the quiz's map according to % correct below.
 
Answer Stats
Population City % Correct
62,064 Kuwait City
94%
452,259 Jahra
56%
30,991 Al-Aḥmadi
33%
279,733 Farwaniya
28%
217,287 Hawalli
28%
301,043 Salmiya
28%
82,654 Salwa
28%
88,641 Sabah Al Salem
25%
145,123 Mangaf
22%
60,624 Ardiya
19%
31,851 Doha
19%
78,026 Jabriya
19%
28,862 Kaifan
19%
45,044 Mishref
19%
46,833 Mubarak Al Kabeer
19%
59,136 Rumaithiya
19%
5,341 Shuwaikh
19%
37,634 Adan
17%
47,043 Bayan
17%
19,979 Daiya
17%
18,709 Dasma
17%
23,729 Faiha
17%
66,831 Firdous
17%
32,469 Jaber al-Aḥmad
17%
199,859 Mahboula
17%
44,239 Sabah Al Nasser
17%
18,184 Shamiya
17%
49,641 Andalus
14%
26,260 Fahad Al Ahmad
14%
1,447 Fanatees
14%
21,557 Hateen
14%
24,007 Sabah Al Ahmad
14%
36,517 Surra
14%
60,470 Abu Halifa
11%
41,797 Daher
11%
109,714 Fahaheel
11%
10,441 Garnata
11%
26,446 Hadiya
11%
1,147 Messila
11%
2,447 Mina Abdullah
11%
12,659 Mubarak Al Abdullah
11%
24,863 Qadsiya
11%
39,353 Qusur
11%
21,473 Rabia
11%
35,280 Rigai
11%
51,830 Riqqa
11%
82,277 Sabahiya
11%
27,555 Salam
11%
55,481 Abdullah Al Mubarak Al Sabah
8%
56,892 Ali Sabah Al Salem
8%
2,404 Masayel
8%
14,726 Nuzha
8%
25,054 Qairawan
8%
34,123 Qurain
8%
33,691 Qurtoba
8%
3,565 Rai
8%
39,340 Rawda
8%
16,162 Sha'ab
8%
52,374 West Funtas
8%
11,274 Abdilee
6%
21,975 Abdulla Al Salem
6%
5,710 Abu Fatira
6%
1,346 Abu Hasaniya
6%
21,636 Adailiya
6%
8,103 Al Nahda
6%
1,915 Al Zour
6%
34,710 Bneid Al Qar
6%
42,820 Funtas
6%
31,518 Ishbiliya
6%
328,319 Jaleeb Al Shuyoukh
6%
190,546 Khaitan
6%
19,334 Omariya
6%
891 Salmy
6%
15,672 Shuhada
6%
7,411 Shuwaikh Industrial
6%
54,321 Sulaibiya
6%
2,871 Wista
6%
32,064 Zahraa
6%
10,316 Ahmadi Desert
3%
1,866 Al Kayron Resorts
3%
811 Bedi
3%
13,050 Eqaila
3%
908 Health District
3%
5,894 Jahra Desert
3%
19,193 Khalidiya
3%
9,132 Mansouriya
3%
6,137 Mina Abdulla Resort
3%
3,056 Mubarakiya Camp
3%
1,855 New Wafra
3%
5,550 Northwest Sulaibekhat
3%
18,427 Rahab
3%
908 Sabah Al Ahmad Marine
3%
7,761 Sabhan Industrial
3%
24,159 Shuaiba Industrial
3%
3,681 Sideek
3%
34,537 Sulaibekhat
3%
4,128 Sulaibiah Industrial
3%
3,503 Sulaibiya Agriculture
3%
12,441 Wafra Agricultural
3%
24,634 Yarmouk
3%
No matching quizzes found
Score Distribution
Percent of People with Each Score
Percentile by Number Answered
Your Score History
You have not taken this quiz